[Event "St Petersburg Korchnoi Memorial op"]
[Site "St Petersburg"]
[Date "2019.08.22"]
[Round "9"]
[White "Lapitsky, Sergey"]
[Black "Kupriyanov, Konstantin"]
[Result "1-0"]
[WhiteElo "1860"]
[BlackElo "1591"]
[PlyCount "39"]
[EventDate "2019.08.14"]
[EventType "swiss"]
[EventRounds "9"]
[EventCountry "RUS"]
[SourceTitle "CBM 192"]
[Source "ChessBase"]
[SourceDate "2019.10.31"]
[SourceVersion "1"]
[SourceVersionDate "2019.10.31"]
[SourceQuality "1"]

1. e4 c5 2. Nc3 e6 3. Nf3 a6 4. g3 b5 5. Bg2 Bb7 6. d3 d5 7. exd5 exd5 8. 0-0 Nf6 9. Re1+ Be7 10. Qe2 d4 11. Nb1 Nc6 12. Ng5 0-0 13. Nd2 Re8 14. Nxf7 Qd7 15. Ng5 Bd6 16. Nde4 Nd5 17. Bh3 Qc7 18. Be6+ Rxe6 19. Nxe6 Qd7 20. N6xc5 1-0

[Event "St Petersburg Korchnoi Memorial op"]
[Site "St Petersburg"]
[Date "2019.08.20"]
[Round "7"]
[White "Bulsoev, Alexander"]
[Black "Kupriyanov, Konstantin"]
[Result "0-1"]
[WhiteElo "1847"]
[BlackElo "1591"]
[PlyCount "86"]
[EventDate "2019.08.14"]
[EventType "swiss"]
[EventRounds "9"]
[EventCountry "RUS"]
[SourceTitle "CBM 192"]
[Source "ChessBase"]
[SourceDate "2019.10.31"]
[SourceVersion "1"]
[SourceVersionDate "2019.10.31"]
[SourceQuality "1"]

1. e4 c5 2. Nc3 e6 3. g3 d5 4. exd5 exd5 5. Bg2 Nf6 6. d4 cxd4 7. Nce2 Bc5 8. Nf3 Nc6 9. 0-0 0-0 10. Nexd4 Bg4 11. Nb3 Bb6 12. h3 Bh5 13. Bg5 h6 14. Bf4 Re8 15. g4 Bg6 16. c3 Ne4 17. Nbd4 Qf6 18. Be3 Ne5 19. Nxe5 Qxe5 20. Nf3 Qe6 21. Bxb6 Qxb6 22. Qb3 Qc5 23. Rad1 Red8 24. Rd4 Nf6 25. Ne5 Be4 26. Qxb7 Rf8 27. Bxe4 dxe4 28. Nc6 Rfe8 29. Re1 Rac8 30. Nb4 Qg5 31. Nd5 Nxg4 32. hxg4 Qxg4+ 33. Kf1 Qh3+ 34. Ke2 Qf3+ 35. Kd2 Rb8 36. Qd7 Rxb2+ 37. Kc1 Reb8 38. Rb4 R8xb4 39. Qe8+ Kh7 40. cxb4 Qxf2 41. Qxe4+ g6 42. Rd1 Rxa2 43. Qb1 Kg7 0-1

[Event "St Petersburg Korchnoi Memorial op"]
[Site "St Petersburg"]
[Date "2019.08.18"]
[Round "5"]
[White "Arutyunova, Yuliya"]
[Black "Kupriyanov, Konstantin"]
[Result "1-0"]
[WhiteElo "1831"]
[BlackElo "1591"]
[PlyCount "69"]
[EventDate "2019.08.14"]
[EventType "swiss"]
[EventRounds "9"]
[EventCountry "RUS"]
[SourceTitle "CBM 192"]
[Source "ChessBase"]
[SourceDate "2019.10.31"]
[SourceVersion "1"]
[SourceVersionDate "2019.10.31"]
[SourceQuality "1"]

1. e4 c5 2. Nf3 e6 3. d4 cxd4 4. Nxd4 a6 5. Nc3 b5 6. Be3 Bb7 7. f3 Qc7 8. a3 Nf6 9. Be2 Bc5 10. Qd2 0-0 11. Nb3 Bb6 12. Bf4 Qc6 13. Bd6 Rc8 14. e5 Nd5 15. Nxd5 Qxd5 16. Bd3 Nc6 17. Qf4 Nd4 18. Nxd4 Qxd4 19. Qxd4 Bxd4 20. c3 Bc5 21. 0-0-0 Bxd6 22. exd6 Bd5 23. Be4 Bxe4 24. fxe4 a5 25. Kb1 Rc4 26. Rd4 Rac8 27. Rhd1 b4 28. Rxc4 Rxc4 29. cxb4 axb4 30. Rc1 Rxc1+ 31. Kxc1 bxa3 32. b4 Kf8 33. b5 Ke8 34. b6 a2 35. Kb2 1-0

[Event "St Petersburg Korchnoi Memorial op"]
[Site "St Petersburg"]
[Date "2019.08.17"]
[Round "4"]
[White "Kupriyanov, Konstantin"]
[Black "Karsakov, Maxim"]
[Result "1-0"]
[WhiteElo "1591"]
[BlackElo "1183"]
[PlyCount "67"]
[EventDate "2019.08.14"]
[EventType "swiss"]
[EventRounds "9"]
[EventCountry "RUS"]
[SourceTitle "CBM 192"]
[Source "ChessBase"]
[SourceDate "2019.10.31"]
[SourceVersion "1"]
[SourceVersionDate "2019.10.31"]
[SourceQuality "1"]

1. e4 e6 2. d4 d5 3. Nc3 Bb4 4. e5 c5 5. a3 cxd4 6. axb4 dxc3 7. bxc3 Nc6 8. Nf3 Qc7 9. Bf4 Nge7 10. Bd3 Ng6 11. Bg3 Ncxe5 12. 0-0 Nxf3+ 13. Qxf3 Qe7 14. Rfe1 Qd8 15. Bb5+ Kf8 16. Red1 a6 17. Bd3 Qf6 18. Qe3 Qxc3 19. Bd6+ Kg8 20. h4 Qc6 21. Bg3 Nf8 22. h5 f6 23. h6 g6 24. Bh4 e5 25. c4 d4 26. Qg3 Qe6 27. Be4 Qf7 28. Rd3 Ne6 29. Bd5 g5 30. Bxg5 fxg5 31. Bxe6 Bxe6 32. Qxg5+ Qg6 33. Qxe5 Bf7 34. Rg3 1-0

[Event "St Petersburg Korchnoi Memorial op"]
[Site "St Petersburg"]
[Date "2019.08.15"]
[Round "2"]
[White "Kupriyanov, Konstantin"]
[Black "Levdansky, Alexey"]
[Result "0-1"]
[WhiteElo "1591"]
[BlackElo "1920"]
[PlyCount "50"]
[EventDate "2019.08.14"]
[EventType "swiss"]
[EventRounds "9"]
[EventCountry "RUS"]
[SourceTitle "CBM 192"]
[Source "ChessBase"]
[SourceDate "2019.10.31"]
[SourceVersion "1"]
[SourceVersionDate "2019.10.31"]
[SourceQuality "1"]

1. e4 c5 2. d4 cxd4 3. c3 Nf6 4. e5 Nd5 5. cxd4 d6 6. f4 Nc6 7. Nc3 dxe5 8. fxe5 Bf5 9. a3 e6 10. Nf3 Bg4 11. Be2 Bxf3 12. Bxf3 Qh4+ 13. g3 Qxd4 14. Nxd5 exd5 15. Qe2 Qxe5 16. Qxe5+ Nxe5 17. Bxd5 0-0-0 18. Bg2 Nd3+ 19. Ke2 Bc5 20. Bf4 Nxf4+ 21. gxf4 Rhe8+ 22. Kf1 Rd2 23. Bh3+ Kb8 24. Rc1 Rf2+ 25. Kg1 Rc2+ 0-1

[Event "St Petersburg Korchnoi Memorial op"]
[Site "St Petersburg"]
[Date "2018.08.19"]
[Round "5"]
[White "Kupriyanov, Konstantin"]
[Black "Smolkov, Petr"]
[Result "1-0"]
[WhiteElo "1643"]
[BlackElo "1342"]
[PlyCount "71"]
[EventDate "2018.08.15"]
[EventType "swiss"]
[EventRounds "9"]
[EventCountry "RUS"]
[SourceTitle "CBM 186 Extra"]
[Source "ChessBase"]
[SourceDate "2018.08.24"]
[SourceVersion "1"]
[SourceVersionDate "2018.08.24"]
[SourceQuality "1"]

1. e4 c5 2. d4 cxd4 3. c3 dxc3 4. Nxc3 e6 5. Nf3 Nc6 6. Bc4 a6 7. 0-0 Be7 8. Qe2 b5 9. Bb3 d6 10. Rd1 Bb7 11. Bf4 Qc7 12. Rac1 Nf6 13. e5 dxe5 14. Nxe5 Nxe5 15. Bxe5 Qb6 16. Bc2 0-0 17. Qd3 g6 18. Qg3 Nh5 19. Qg4 Bc5 20. Qe2 f6 21. Bg3 Nxg3 22. hxg3 Rad8 23. Be4 Rxd1+ 24. Rxd1 b4 25. Na4 Bxf2+ 26. Kf1 Qa5 27. Bxb7 Qxa4 28. b3 Qa5 29. Qxe6+ Kh8 30. Kxf2 Qc5+ 31. Qe3 Qf5+ 32. Kg1 Qc2 33. Qd2 Qc7 34. Qd6 Qf7 35. Bxa6 Qa7+ 36. Kh2 1-0

[Event "St Petersburg Korchnoi Memorial op"]
[Site "St Petersburg"]
[Date "2018.08.17"]
[Round "3"]
[White "Kupriyanov, Konstantin"]
[Black "Yakovlev, Yuri S"]
[Result "0-1"]
[WhiteElo "1643"]
[BlackElo "1850"]
[PlyCount "72"]
[EventDate "2018.08.15"]
[EventType "swiss"]
[EventRounds "9"]
[EventCountry "RUS"]
[SourceTitle "CBM 186 Extra"]
[Source "ChessBase"]
[SourceDate "2018.08.24"]
[SourceVersion "1"]
[SourceVersionDate "2018.08.24"]
[SourceQuality "1"]

1. e4 c5 2. d4 cxd4 3. c3 d3 4. Bxd3 a6 5. f4 b5 6. Nf3 Bb7 7. 0-0 e6 8. Qe2 Nf6 9. f5 Bc5+ 10. Kh1 Ng4 11. h3 h5 12. fxe6 dxe6 13. Bf4 Nf2+ 14. Rxf2 Bxf2 15. Bxb5+ axb5 16. Qxf2 Bxe4 17. Nbd2 Bc6 18. Ne5 0-0 19. Qg3 h4 20. Qg4 f5 21. Qe2 Qd5 22. Rf1 Rxa2 23. Ng6 Re8 24. Bxb8 Qxg2+ 25. Qxg2 Bxg2+ 26. Kxg2 Rxb8 27. Rb1 Rd8 28. Nf3 Rd3 29. Ngxh4 Rxc3 30. Kg3 Rb3 31. Kf4 Raxb2 32. Rxb2 Rxb2 33. Ke5 Re2+ 34. Kd6 b4 35. Kc5 b3 36. Nd4 Rc2+ 0-1

[Event "St Petersburg Summer op"]
[Site "St Petersburg"]
[Date "2017.08.23"]
[Round "8"]
[White "Kupriyanov, Konstantin"]
[Black "Mironov, Alexander"]
[Result "1-0"]
[WhiteElo "1728"]
[BlackElo "1457"]
[PlyCount "59"]
[EventDate "2017.08.16"]
[EventType "swiss"]
[EventRounds "9"]
[EventCountry "RUS"]
[SourceTitle "CBM 180 Extra"]
[Source "ChessBase"]
[SourceDate "2017.10.06"]
[SourceVersion "1"]
[SourceVersionDate "2017.10.06"]
[SourceQuality "1"]

1. e4 Na6 2. d4 c6 3. Nc3 Nc7 4. f4 d6 5. Nf3 Nf6 6. Bd3 g6 7. h3 Bg7 8. Be3 b5 9. Qd2 a5 10. 0-0 Ba6 11. Rae1 b4 12. Ne2 d5 13. e5 Ne4 14. Bxe4 dxe4 15. Nh2 e6 16. Rf2 Qd5 17. a3 Rb8 18. axb4 axb4 19. Ng3 h5 20. Qd1 h4 21. Ngf1 b3 22. Ng4 Rb4 23. cxb3 Rxb3 24. Rc2 Rd3 25. Qc1 Bb5 26. Nd2 Na6 27. Bf2 Rxd4 28. Bxd4 Qxd4+ 29. Kh1 e3 30. Nf3 1-0

[Event "St Petersburg Summer op"]
[Site "St Petersburg"]
[Date "2017.08.19"]
[Round "4"]
[White "Kupriyanov, Konstantin"]
[Black "Makhno, Maria"]
[Result "0-1"]
[WhiteElo "1728"]
[BlackElo "1915"]
[PlyCount "104"]
[EventDate "2017.08.16"]
[EventType "swiss"]
[EventRounds "9"]
[EventCountry "RUS"]
[SourceTitle "CBM 180 Extra"]
[Source "ChessBase"]
[SourceDate "2017.10.06"]
[SourceVersion "1"]
[SourceVersionDate "2017.10.06"]
[SourceQuality "1"]

1. e4 d6 2. d4 Nf6 3. Nc3 e5 4. Nf3 Nbd7 5. Bc4 Be7 6. 0-0 0-0 7. h3 c6 8. a4 b6 9. Bg5 Bb7 10. Bxf6 Bxf6 11. d5 Nc5 12. b4 cxd5 13. exd5 Na6 14. b5 Nc5 15. Ra3 Qc7 16. Bd3 Nxd3 17. Qxd3 Rac8 18. Rc1 e4 19. Nxe4 Bb2 20. Neg5 g6 21. Re1 Bxa3 22. Qxa3 Bxd5 23. Qe3 Bxf3 24. Qxf3 Qxc2 25. Nxh7 Kxh7 26. Re4 Rc4 27. Re7 Qf5 28. Qg3 Qf4 29. Qxf4 Rxf4 30. Rxa7 d5 31. a5 bxa5 32. Rxa5 Rb4 33. g4 Rb8 34. Ra7 Kg7 35. f4 Rxf4 36. h4 Rxg4+ 37. Kf2 Rxh4 38. Kg3 Rc4 39. Kf3 Rxb5 40. Ra3 Rbb4 41. Ra7 g5 42. Ke3 Re4+ 43. Kd3 Rb3+ 44. Kc2 Rg3 45. Kd2 Rh4 46. Re7 Rh2+ 47. Re2 Rxe2+ 48. Kxe2 d4 49. Kd2 d3 50. Kd1 Rg2 51. Ke1 Re2+ 52. Kd1 g4 0-1

[Event "St Petersburg Summer op"]
[Site "St Petersburg"]
[Date "2017.08.16"]
[Round "1"]
[White "Alieva, Alexandra"]
[Black "Kupriyanov, Konstantin"]
[Result "1-0"]
[WhiteElo "2165"]
[BlackElo "1728"]
[PlyCount "81"]
[EventDate "2017.08.16"]
[EventType "swiss"]
[EventRounds "9"]
[EventCountry "RUS"]
[SourceTitle "CBM 180 Extra"]
[Source "ChessBase"]
[SourceDate "2017.10.06"]
[SourceVersion "1"]
[SourceVersionDate "2017.10.06"]
[SourceQuality "1"]

1. e4 c5 2. Nf3 e6 3. b3 Qc7 4. Bb2 a6 5. a4 Nc6 6. e5 Nge7 7. Na3 Ng6 8. Nc4 Be7 9. g3 0-0 10. h4 f6 11. Bd3 Ngxe5 12. Nfxe5 Nxe5 13. Nxe5 fxe5 14. Qh5 g6 15. Bxg6 hxg6 16. Qxg6+ Kh8 17. Qh5+ Kg8 18. Bxe5 Qxe5+ 19. Qxe5 Bf6 20. Qxc5 Bxa1 21. c3 b5 22. Qa3 Bb7 23. 0-0 Rf7 24. Qxa1 Raf8 25. axb5 axb5 26. Qa7 Bf3 27. Qe3 Bg4 28. Qg5+ Rg7 29. Qxb5 Bh3 30. Re1 Rgf7 31. Qg5+ Rg7 32. Qe3 Rgf7 33. b4 Rf3 34. Qg5+ Kh8 35. Kh2 Bf5 36. Kg2 Bh7 37. Re2 Bd3 38. Qh5+ Kg8 39. Qxf3 Rxf3 40. Kxf3 Bxe2+ 41. Kxe2 1-0